000
00238nam a2200109Ia 4500
005
20251222175922.0
008
251222s9999||||xx |||||||||||||| ||spa||
082
_a
335/M26
100
_a
Marx, Carlos
245
0
_a
El Capital:
942
_c
LIB
999
_c
40718
_d
40718